000 00970nam a22003377b 4500
001 002034902
003 DO-SdBNP
005 20180126114856.0
007 002034902
008 050630s1985 sp | ||| ||spa
016 7 _a
_2BPMSU
017 _a
_b
020 _a8431008237
035 _a
040 _aBPMSU
_bspa
_cBPMSU
_e
041 1 _aspa
_h
080 0 _a
100 1 _aWest, Jerry
240 1 4 _aThe happy Hollisters and the castle rock mystery /
_lEspañol
245 1 4 _aLos Hollister en el castillo de roca /
_h
_cJerry West ; traducción, Consuelo G. de Ortega; ilustración Antonio Borrell
250 _a16a. ed.
260 _aBarcelona
_bToray,
_c1995
300 _a189 p. :
_bil.,
_c23 cm
490 0 _aLos Hollister
_v3
700 _a G de Ortega, Consuelo
_etr.
700 _4
_aBorrel, Antonio
_eil.
830 0 _aLos Hollister
_v3
942 _2ddc
_cBK
945 _aInventariado, 2018 / YL
956 _aVMATEO
_b10
_cBPMSU
999 _c9354
_d9354